Score 0/22 Timer 02:00
0 Plays Today
Hint 4-Letter Word % Correct
Center of a fruitCORE
88.5%
Common food for the sick-SOUP-
86.1%
Abbreviation for a businessCORP
81.2%
Rabbit relativeHARE
81.2%
Sound of a cat-PURR-
79.8%
At this exact spot-HERE-
78.9%
The Bringer of War?MARS
78.6%
Not contaminatedPURE
75.7%
Mature horseMARE
75.5%
Method of healingCURE
74.9%
The body of a shipHULL
74.7%
Hint 4-Letter Word % Correct
Large event roomHALL
74.3%
D'etat preceder?COUP
71.6%
Cuts the grassMOWS
70.8%
Not better thanMERE
67.3%
A Banner hero?HULK
66.2%
Free from diseaseHALE
65.8%
Seats in lines-ROWS-
65.8%
Animal throatsMAWS
62.3%
Great magnitudeBULK
55.6%
'Hamilton' villainBURR
45.2%
Slang for a foolBURK
37.9%

Today's Daily Dose

Remove Ads.
Support Sporcle.
Get the best of Sporcle when you Go Orange. This ad-free experience offers more features, more stats, and more fun while also helping to support Sporcle. Thank you for becoming a member.

You're not logged in!

Compare scores with friends on all Sporcle quizzes.
OR
Log In

Show Comments

Extras

Top Quizzes Today


Score Distribution

Your Account Isn't Verified!

In order to create a playlist on Sporcle, you need to verify the email address you used during registration. Go to your Sporcle Settings to finish the process.

Report this User

Report this user for behavior that violates our Community Guidelines.

Details: